Open access journal of medicinal and aromatic plants

Bibliographic Details
Corporate Author: Medicinal and Aromatic Plants Association of India
Format: Electronic Journal
Language:English
Published: Ananad : Medicinal and Aromatic Plants Association of India
Subjects:
Online Access:Full text available from Research Library: 01/01/2010 to present

MARC

LEADER 00000nas a2200000 a 4500
001 ssj0000697237
003 WaSeSS
005 20200512172242.0
006 m d
007 cr n
008 110210c20109999ii fr pss 0 a0eng c
010 |a  2012233124 
022 |a 0974-7877  |l 0974-7877 
035 |a (WaSeSS)ssj0000697237 
040 |a AU@  |b eng  |c AU@  |d OCLCQ  |d GUA  |d OCLCO  |d OCLCQ  |d OCLCO  |d CUS  |d OCLCF  |d OCLCQ  |d OCLCO  |d OCLCQ  |d WaSeSS 
042 |a pcc 
050 1 4 |a QK99.A1 
210 0 |a Open access j. j. med. aromat. plants 
222 0 |a Open access journal of medicinal and aromatic plants 
245 0 0 |a Open access journal of medicinal and aromatic plants  |h [electronic resource]. 
246 3 |a OAJMAP 
260 |a Ananad :  |b Medicinal and Aromatic Plants Association of India 
310 |a Two issues a year 
362 1 |a Began with v. 1 no. 1 (2010). 
506 |a License restrictions may limit access. 
588 |a Description based on: Vol. 1, no. 1 (2010); title from journal home page (publisher's Web site, viewed Aug. 1, 2012). 
588 |a Latest issue consulted: Vol. 3, no. 1 (2012) (viewed Aug. 1, 2012). 
650 0 |a Medicinal plants  |v Periodicals. 
650 0 |a Aromatic plants  |v Periodicals. 
650 7 |a Aromatic plants.  |2 fast  |0 (OCoLC)fst00815031 
650 7 |a Medicinal plants.  |2 fast  |0 (OCoLC)fst01014866 
655 0 |a Electronic journals. 
710 2 |a Medicinal and Aromatic Plants Association of India. 
856 4 0 |z Full text available from Research Library: 01/01/2010 to present  |u https://search.proquest.com/publication/2032291